000 00296nam a2200145Ia 4500
100 _aCIMI-D.G.T.Z
650 _aTurner
942 _cBK
654 _aturner
245 _aTurner-Second year Assignment
260 _bCIMI
_aChennai
082 _a621.9
_bCIM
300 _a47
546 _aENGLISH
999 _c31903
_d31903